| 000 | 00670nam a2200241Ia 4500 | ||
|---|---|---|---|
| 003 | OSt | ||
| 005 | 20220926013034.0 | ||
| 006 | a|||||r|||| 00| 0 | ||
| 007 | ta | ||
| 008 | 220923b |||||||| |||| 00| 0 eng d | ||
| 037 | _cGeneral Book | ||
| 040 |
_aRTL _cRTL _beng |
||
| 041 |
_2eng _aeng |
||
| 082 | _aX:8:(S:44), K0 | ||
| 100 | _aSimon Herbert A | ||
| 245 | 0 | _aNew science of management decision | |
| 260 |
_aNew York _bHarper and Row _c1960 |
||
| 300 |
_axii, 50p. _ccm. |
||
| 490 | _aFord distinguished lectures.3. | ||
| 650 |
_aMangement _9233229 |
||
| 942 |
_hX:8:(S:44), K0 _cGB _2CC |
||
| 999 |
_c625031 _d625031 |
||